000 00273nam a22001217a 4500
040 _cSY
082 _a494
100 _aVON MONIN; វន មុនិន្ទ
245 _aកសិរុក្ខកម្ម
260 _aRUA
_bVON
_c2007
300 _a115p.
942 _cKB
999 _c9164
_d9164